00745nam a22002057a 4500003000500000005001700005008004100022010001000063011001000073035001000083040000900093100002500102245016900127260003700296300002200333502009400355650002700449650001900476650004400495CHAP20220329140547.0971013s1987 r 00010 d a53956 a54928 a59080 cCHAP00aPosada Cruz, Saúl. aEvaluación de líneas experimentales de sorgo (Sorghum bicolor (L) Moench) bajo ataque de la mosquita de la panoja (Contorina sorghicola Coq.) Marín, N.L. 1984 aMarín, N.L. :bEl autor,c1987 a80 h.b: gráfs. aTesis (Ing. Agr. Parasitólogo) -- Univ. Autónoma de Nuevo León. Fac. de Agronomía14aContarinia sorghicola.14aSorgoxPlagas.14aSorgoxVariedades resistentes a plagas.